000 00382nam a22001337a 4500
082 _a200 THE
100 _aWAJEEHA ASLAM
_969379
245 _aTH-SOF-1586-Organization Detection Using Social Network Analysis
260 _aISLAMABAD
_bNUST COLLEGE OF EME
_c2018
300 _bCD
650 _a MS-CSE-14, MSTHESIS
_969380
700 _aAdvisor Dr WASI HAIDER
_969381
942 _cCF
999 _c576693
_d576693